000 00623nam a22001337a 4500
040 _cRUA
082 _aAGR PHA 2009 B063 Or.1
100 _aPHANN, PHALLA.
245 _aEtudes des systems de production agricole a chamcar leu dans la province de kompong cham, សិក្សាពីប្រព័ន្ធផលិតកម្មកសិកម្មនៅស្រុកចំការលើ​ ខេត្ដកំពង់ចាម
260 _aPhnom Penh
_bRUA
_c2009
300 _aix; 78p.
_bill.
_c29cm.
856 _uhttps://drive.google.com/file/d/1UjWXiLsj3KRggFFCEZ8UNviZKafH4uzm/view?usp=sharing
942 _cAGR
999 _c1461
_d1461